| 000 | 01592nam a2200325 a 4500 | ||
|---|---|---|---|
| 001 | 000038917 | ||
| 003 | DO-SdBNP | ||
| 005 | 20160519132653.0 | ||
| 007 | 000038917 | ||
| 008 | 150130s2012 dr acd 000 0 spa d | ||
| 020 | _a9789945173789 | ||
| 040 |
_aBPMSU _bspa _cBPMSU |
||
| 092 |
_a372.83 _bC569s 4to 2012 |
||
| 245 | 0 | 0 |
_aCiencias sociales 4 : _beducación básica / _cdirección editorial Doris Arroba Jácome; coordinación editorial Anna Rogero Soler |
| 260 |
_aSanto Domingo : _bSM, _c2012. |
||
| 300 |
_a167p. : _bil., retrs., mapas ; _c29 cm. |
||
| 490 | 1 | _aProyecto Sé | |
| 505 | 0 |
_tUnidad 1. _tUn lugar en el planeta -- _tUnidad 2. _tLa geografía dominicana -- _tUnidad 3. _tLas regiones del territorio dominicano -- _tUnidad 4. _tEconomía de las regiones -- _tUnidad 5. _tTodas las provincias son importante -- _tUnidad 6. _t ¿Cómo se pobló la isla de Santo Domingo?-- _tUnidad 7. _tUna llegada inesperada -- _tUnidad 8. _tEl legado de las diferentes culturas -- _tUnidad 9. _tUna isla, dos colonias -- _tUnidad 10. _t Formación de la República Dominicana. |
|
| 650 | 4 |
_aCIENCIAS SOCIALES _xENSEÑANZA ELEMENTAL |
|
| 650 | 4 |
_aCIENCIAS SOCIALES _xESTUDIOS Y ENSEÑANZA |
|
| 650 | 4 |
_aEDUCACIÓN PRIMARIA _zREPÚBLICA DOMINICANA |
|
| 650 | 4 |
_aCIENCIAS SOCIALES _xLIBROS DE TEXTOS |
|
| 650 | 4 |
_aCIENCIAS SOCIALES _xEDUCACIÓN PRIMARIA |
|
| 700 | 1 | 2 |
_aArroba Jácome, Doris, _eed. |
| 700 |
_a Soler, Anna Rogero _eed. |
||
| 830 | 0 | _aProyecto Sé | |
| 910 | _aValidado. Control de calidad MFF | ||
| 942 |
_2ddc _cBK |
||
| 956 |
_aVMATEO _b10 _c20150605 _lBMET02 _h00151 |
||
| 999 |
_c9428 _d9428 |
||